Noche de lobos / (Registro nro. 3526)

Detalles MARC
000 -LEADER
fixed length control field 01312nam a2200289Ia 4500
003 - CONTROL NUMBER IDENTIFIER
control field OSt
005 - DATE AND TIME OF LATEST TRANSACTION
control field 20201019165147.0
008 - FIXED-LENGTH DATA ELEMENTS--GENERAL INFORMATION
fixed length control field 191128t1989 ck gr 000 0dspa d
020 ## - INTERNATIONAL STANDARD BOOK NUMBER
International Standard Book Number 9589518613
040 ## - CATALOGING SOURCE
Original cataloging agency CO-JMCR
Transcribing agency CO-JMCR
041 0# - LANGUAGE CODE
Language code of text/sound track or separate title spa
082 04 - DEWEY DECIMAL CLASSIFICATION NUMBER
Classification number 986.1076 /
Item number J617n
Edition number 23
100 1# - MAIN ENTRY--PERSONAL NAME
Personal name Jimeno, Ramón,
Relator term autor
9 (RLIN) 10991
245 10 - TITLE STATEMENT
Title Noche de lobos /
Statement of responsibility, etc. Ramón Jimeno
250 ## - EDITION STATEMENT
Edition statement Primera edición
260 ## - PUBLICATION, DISTRIBUTION, ETC.
Place of publication, distribution, etc. Bogotá :
Name of publisher, distributor, etc. Siglo Veintiuno,
Date of publication, distribution, etc. ©1989
300 ## - PHYSICAL DESCRIPTION
Extent 218 páginas ;
Dimensions 21 cm.
500 ## - GENERAL NOTE
General note Incluye datos biográficos del autor en la solapa del libro.
504 ## - BIBLIOGRAPHY, ETC. NOTE
Bibliography, etc. note Bibliografía: página [219]
505 0# - FORMATTED CONTENTS NOTE
Formatted contents note La decisión -- Cada cual en su ley -- Los lobos -- ¡Que haya acción! -- Del comandante en jefe -- El fuego final -- Cuentas alegres de un saldo trágico -- La bruma -- Epílogo -- Notas -- Bibliografía
520 3# - SUMMARY, ETC.
Summary, etc. El 6 y 7 de noviembre se 1985 se desarrolló en Bogotá uan de las batallas más violentas de la historia de Colombia. Un episodio tan drámatico como el del Palacio de Justicia debe ser comprendido.
650 14 - SUBJECT ADDED ENTRY--TOPICAL TERM
Topical term or geographic name entry element Actividades subversivas
9 (RLIN) 10992
Geographic subdivision Colombia
650 14 - SUBJECT ADDED ENTRY--TOPICAL TERM
Topical term or geographic name entry element Guerrillas
General subdivision historia
Chronological subdivision 1985
Geographic subdivision Colombia
9 (RLIN) 11702
650 14 - SUBJECT ADDED ENTRY--TOPICAL TERM
Topical term or geographic name entry element Palacio de Justicia
General subdivision historia
Chronological subdivision 1985
Geographic subdivision Colombia
9 (RLIN) 11703
651 #4 - SUBJECT ADDED ENTRY--GEOGRAPHIC NAME
Geographic name Colombia
General subdivision historia
Chronological subdivision 1985
9 (RLIN) 11704
942 ## - ADDED ENTRY ELEMENTS (KOHA)
Source of classification or shelving scheme Dewey Decimal Classification
Koha item type Books
Existencias
Withdrawn status Lost status Source of classification or shelving scheme Damaged status Not for loan Collection code Home library Current library Date acquired Source of acquisition Total Checkouts Full call number Barcode Date last seen Date last checked out Copy number Koha item type
    Dewey Decimal Classification     Non-fiction Biblioteca Pública José María del Castillo y Rada Biblioteca Pública José María del Castillo y Rada 07/17/2018 Donación 2 986.1076 / J617n 201807387 06/13/2025 06/12/2025 Ej.1 Books